বাংলাদেশের রাজনীতিতে আলিমসমাজ : ভূমিকা ও প্রভাব, (১৯৭২-২০০১) /
Articles on politics and governance in Bangladesh from 1972 to 2001, and the role of ulamas there.
| Príomhchruthaitheoir: | |
|---|---|
| Formáid: | LEABHAR |
| Teanga: | Bengali English |
| Foilsithe / Cruthaithe: |
ঢাকা :
একাডেমিক প্রেস এন্ড পাবলিশার্স লাইব্রেরী,
২০০৭ [দ্বিতীয় সংস্করণ ২০০৮].
|
| Ábhair: | |
| Classic Catalogue: | View this record in Classic Catalogue |
| LEADER | 02101nam a2200385 a 4500 | ||
|---|---|---|---|
| 001 | 39742 | ||
| 003 | BD-DhAAL | ||
| 008 | 221018r20082007bg b 000 0 ben d | ||
| 999 | |c 44980 |d 44980 | ||
| 010 | |a 2007342922 | ||
| 020 | |a 984080216X | ||
| 025 | |a B-B-2007-342922; 21 | ||
| 037 | |b Library of Congress -- New Delhi Overseas Office |c Tk350.00 ($35.00 U.S.) | ||
| 040 | |a DLC |c DLC |d BD-DhAAL | ||
| 041 | 0 | |a ben |a eng | |
| 042 | |a lcode | ||
| 043 | |a a-bg--- | ||
| 050 | 0 | 0 | |a DS395.5 |b .T37 2007 |
| 082 | |a 320.95492 |2 23 | ||
| 100 | |a রহমান, তারেক মুহম্মদ তওফীকুর |9 51916 | ||
| 245 | 1 | 0 | |a বাংলাদেশের রাজনীতিতে আলিমসমাজ : |b ভূমিকা ও প্রভাব, |n (১৯৭২-২০০১) / |c তারেক মুহম্মদ তওফীকুর রহমান. |
| 246 | 1 | |i Title on t.p. verso: |a Bangladesher rajnitite alimsamaj | |
| 260 | |a ঢাকা : |b একাডেমিক প্রেস এন্ড পাবলিশার্স লাইব্রেরী, |c ২০০৭ [দ্বিতীয় সংস্করণ ২০০৮]. | ||
| 300 | |a xvi, ২৮৭ পৃষ্ঠা ; |c ২৩ সে.মি. | ||
| 500 | |a Revision of author's thesis. | ||
| 504 | |a গ্রন্থপঞ্জিগত নির্দেশিকা (পৃষ্ঠা [২১৬]-২১৯) অন্তর্ভুক্ত। | ||
| 520 | |a Articles on politics and governance in Bangladesh from 1972 to 2001, and the role of ulamas there. | ||
| 541 | |a Donated By Akbar Ali Khan |e 39742 | ||
| 546 | |a In Bengali; appendices include English. | ||
| 650 | 0 | |a Ulama |z Bangladesh. |9 51917 | |
| 650 | 0 | |a Religion and politics |z Bangladesh. |9 51918 | |
| 651 | 0 | |a Bangladesh |x Politics and government |y 1971- |9 51919 | |
| 852 | |a Ayesha Abed Library |c Akbar Ali Khan Collection | ||
| 942 | |2 ddc |c BK | ||
| 952 | |0 0 |1 0 |2 ddc |4 0 |6 320_954920000000000_RAH |7 1 |9 72118 |a BRACUL |b BRACUL |c CS1 |d 2022-10-18 |e Donated by Akbar Ali Khan |g 350.00 |l 0 |o 320.95492 RAH |p 3010039742 |r 2022-10-18 |t 1 |w 2022-10-18 |y BK | ||